MARC details
| 000 -CABECERA |
| campo de control de longitud fija |
03088nam a22005057a 4500 |
| 001 - NÚMERO DE CONTROL |
| campo de control |
BRCA_9174 |
| 003 - IDENTIFICADOR DEL NÚMERO DE CONTROL |
| campo de control |
FranzMayer |
| 005 - FECHA Y HORA DE LA ÚLTIMA TRANSACCIÓN |
| campo de control |
20220809131805.0 |
| 008 - DATOS DE LONGITUD FIJA--INFORMACIÓN GENERAL |
| campo de control de longitud fija |
190312s2018 mx a b f000 0 spa d |
| 010 ## - NÚMERO DE CONTROL DE LA BIBLIOTECA DEL CONGRESO |
| Número de control de LC |
2019387864 |
| 020 ## - NÚMERO INTERNACIONAL ESTÁNDAR DEL LIBRO |
| Número Internacional Estándar del Libro |
9786076055564 |
| 035 ## - NÚMERO DE CONTROL DEL SISTEMA |
| Número de control de sistema |
(OCoLC)on1089789950 |
| 040 ## - FUENTE DE LA CATALOGACIÓN |
| Centro catalogador/agencia de origen |
H7K |
| Lengua de catalogación |
spa |
| Centro/agencia transcriptor |
H7K |
| Normas de descripción |
rda |
| Centro/agencia modificador |
OCLCO |
| -- |
JPG |
| -- |
OCLCF |
| -- |
DLC |
| 041 0# - CÓDIGO DE LENGUA |
| Código de lengua del texto/banda sonora o título independiente |
spa |
| 050 00 - SIGNATURA TOPOGRÁFICA DE LA BIBLIOTECA DEL CONGRESO |
| Número de clasificación |
ND255.5.S8 |
| Número de documento/Ítem |
G73 2018 |
| 100 1# - ENTRADA PRINCIPAL--NOMBRE DE PERSONA |
| Nombre de persona |
Garza Usabiaga, Daniel, |
| Término indicativo de función/relación |
autor. |
| 9 (RLIN) |
28366 |
| 245 13 - MENCIÓN DE TÍTULO |
| Título |
El gran malentendido : |
| Resto del título |
Wolfgang Paalen en México y el surrealismo disidente de la revista DYN / |
| Mención de responsabilidad, etc. |
Daniel Garza Usabiaga. |
| 246 30 - FORMA VARIANTE DE TÍTULO |
| Título propio/Titulo breve |
Wolfgang Paalen en México y el surrealismo disidente de la revista DYN |
| 250 ## - MENCIÓN DE EDICIÓN |
| Mención de edición |
Primera edición. |
| 264 #1 - PRODUCCIÓN, PUBLICACIÓN, DISTRIBUCIÓN, FABRICACIÓN Y COPYRIGHT |
| Producción, publicación, distribución, fabricación y copyright |
Ciudad de México : |
| Nombre del de productor, editor, distribuidor, fabricante |
Instituto Nacional de Bellas Artes, Museo de Arte Carrillo Gil, |
| Fecha de producción, publicación, distribución, fabricación o copyright |
2018. |
| 300 ## - DESCRIPCIÓN FÍSICA |
| Extensión |
205 páginas : |
| Otras características físicas |
ilustraciones (principalmente a color) ; |
| Dimensiones |
25 cm. |
| 336 ## - TIPO DE CONTENIDO |
| Fuente |
rdacontent |
| 336 ## - TIPO DE CONTENIDO |
| Término de tipo de contenido |
text |
| Código de tipo de contenido |
txt |
| Fuente |
rdacontent |
| 337 ## - TIPO DE MEDIO |
| Fuente |
rdamedia |
| 338 ## - TIPO DE SOPORTE |
| Fuente |
rdacarrier |
| 490 1# - MENCIÓN DE SERIE |
| Mención de serie |
Museos y galerías |
| 500 ## - NOTA GENERAL |
| Nota general |
Ubicación: L59-N5 |
| 500 ## - NOTA GENERAL |
| Nota general |
Arriba del título: Museo de Arte Carrillo Gil. |
| 500 ## - NOTA GENERAL |
| Nota general |
Incluye material de la Colección Museo Franz Mayer en las páginas 6, 30, 35, 39, 45, 81, 105, 107, 112, 116, 119, 123, 124, 138, 169 y 178 |
| 500 ## - NOTA GENERAL |
| Nota general |
Incluye material del Fondo Personal Wolfgang Paalen, Acervos Documentales, Museo Franz Mayer en las páginas 36, 40, 82, 113, 117 |
| 501 ## - NOTA DE "CON" |
| Nota de “Con” |
Incluye material del Fondo Wolfgang Paalen, Museo Franz Mayer en las páginas 45 y121 |
| 504 ## - NOTA DE BIBLIOGRAFÍA, ETC. |
| Nota de bibliografía, etc. |
Incluye referencias bibliográficas |
| 505 00 - NOTA DE CONTENIDO CON FORMATO |
| Título |
Presentación / |
| Mención de responsabilidad |
María Cristina García Cepeda |
| 505 00 - NOTA DE CONTENIDO CON FORMATO |
| Título |
Prólogo / |
| Mención de responsabilidad |
Dra. Lidia Camacho Camacho |
| 505 00 - NOTA DE CONTENIDO CON FORMATO |
| Nota de contenido con formato |
Introducción -- Objetos subversivos -- Memoria del futuro -- Coleccionismo y exposición -- Anotaciones sobre el legado de Wolfang Paalen y DYN en México después de 1945. |
| 520 8# - SUMARIO, ETC. |
| Sumario, etc. |
"En "El gran malentendido", la investigación que acompaña a la exposición del mismo nombre, alojada por el Museo de Arte Carrillo Gil entre junio y octubre de 2018, Daniel Garza Usabiaga repasa la aventura intelectual de Paalen en México. El ensayo despeja dudas sobre el artista y lo presenta como alguien que, lejos de aislarse en su estudio, animó debates estéticos y propició, desde su singular perspectiva, el desarrollo de la pintura abstracta lo mismo en el país que en los Estados Unidos. La visión reconciliadora de Wolfgang Paalen nos permite renovar nuestra manera de entender el arte indígena del continente, para desde ahí construir lo que llamó "memoria del futuro"". |
| Fuente proveedora |
Proporcionado por el editor. |
| 600 10 - PUNTO DE ACCESO ADICIONAL DE MATERIA--NOMBRE DE PERSONA |
| Nombre de persona |
Paalen, Wolfgang, |
| Fechas asociadas al nombre |
1907-1959 |
| Subdivisión general |
Crítica e interpretación |
| 9 (RLIN) |
28367 |
| 600 10 - PUNTO DE ACCESO ADICIONAL DE MATERIA--NOMBRE DE PERSONA |
| Nombre de persona |
Paalen, Wolfgang, |
| Fechas asociadas al nombre |
1907-1959 |
| Subdivisión general |
Influencia |
| 9 (RLIN) |
28368 |
| 600 10 - PUNTO DE ACCESO ADICIONAL DE MATERIA--NOMBRE DE PERSONA |
| Nombre de persona |
Paalen, Wolfgang, |
| Fechas asociadas al nombre |
1907-1959 |
| Subdivisión general |
Amigos y asociados |
| 9 (RLIN) |
28369 |
| 650 #0 - PUNTO DE ACCESO ADICIONAL DE MATERIA--TÉRMINO DE MATERIA |
| Término de materia o nombre geográfico como elemento de entrada |
Surrealismo |
| Subdivisión geográfica |
México |
| 9 (RLIN) |
4990 |
| 650 #0 - PUNTO DE ACCESO ADICIONAL DE MATERIA--TÉRMINO DE MATERIA |
| Término de materia o nombre geográfico como elemento de entrada |
Arte Moderno |
| Subdivisión cronológica |
Siglo XX |
| 9 (RLIN) |
1863 |
| 830 #0 - PUNTO DE ACCESO ADICIONAL DE SERIE-TÍTULO UNIFORME |
| Título uniforme |
Museos y galerías. |
| 9 (RLIN) |
239 |
| 942 ## - ELEMENTOS DE PUNTO DE ACCESO ADICIONAL (KOHA) |
| Fuente del sistema de clasificación o colocación |
Library of Congress Classification |
| Tipo de ítem Koha |
Libros |